00732nam a22001697a 4500008004100000020001500041050002200056245021600078260003300294300002100327440002300348700001800371700002100389942001200410999001600422952012400438140901b xxu||||| |||| 00| 0 eng d a0406092192 aKD275.4.L39(1941) aThe Law Reports, Appeal Cases of the incorporated Council of Law Reporting(1941): House of Lords, Judicial Committee of the Privy Council and Peerage Cases. /cedited by Ralph Sutton and assisted G.F.L. Bridgman aLondon:bButterworth,c1941. axi, 464p.c24cm. pAppeal cases, 1941 aSutton, Ralph aBridgman, G.F.L. 2lcccBK c3917d11417 00102lcc4070aWIUC-1bWIUC-1cLLd2014-09-01l0oKD275.4.L39(1941)p1496/483/14r2014-09-01 00:00:00w2014-09-01yBK